| 000 | 01038cam a22002531i 4500 | ||
|---|---|---|---|
| 003 | SA-RiAUC | ||
| 005 | 20250107071039.0 | ||
| 008 | 250105s1999 le g 000 0 ara c | ||
| 040 |
_aSA-JeALM _bara _cSA-RiAUC. _erda |
||
| 082 | 0 | 4 |
_a236.4 _qSA-RiAUC |
| 090 |
_a236.4 _bا م ا |
||
| 100 | 1 |
_aالإمام مالك، مالك بن أنس بن مالك، _d93-179 هجري _eمؤلف. |
|
| 245 | 1 | 2 |
_aالموطأ / _cمالك بن أنس ؛ حققه وخرج احاديثه وشرح غريبه ابوعبدالرحمن الاخضر الاخضري. |
| 250 | _aالطبعة الاولى. | ||
| 264 | 1 |
_aبيروت : _bدار اليمامة، _c1999. |
|
| 300 |
_a928 صفحة ؛ _c24 سم |
||
| 336 |
_aنص _btxt _2rdacontent _3كتاب |
||
| 337 |
_aبدون وسيط _bn _2rdamedia |
||
| 338 |
_aمجلد _bnc _2rdacarrier |
||
| 650 | 7 |
_aالحديث _xمسند ابن مالك _2aucsh |
|
| 700 | 1 |
_aالاخضري، ابوعبدالرحمن الاخضر _eمحقق. |
|
| 942 |
_2ddc _cBOOK _n0 |
||
| 949 |
_aSA-JeALM _d250105 _uosman123 _n1 |
||
| 999 |
_c4508 _d4508 |
||